000 00481cam a2200193ua 4500
001 6780
005 20260515114113.0
008 140220n ii |||gr||||Z||||||eng
040 _cMAIN
082 _a651
245 _aCompany secretarial practice
_cBy S.A. Sherlekar
260 _aAllahabad:
_bKitab mahal,
_c1991.
300 _ax,503p.
653 _aOffice services
653 _aSecretarial practice
653 _aCommerce
700 _aSherlekar,S.A.,
_eAuthor.
942 _cBK
999 _c5923
_d5923